Miasta w województwie wielkopolskim - Statystyki

Ogólne statystyki
  • Ten quiz został rozwiązany 189 razy
    46 od ostatniego zresetowania
  • Średni wynik to 82 z 120
Statystyki odpowiedzi
Miasto Liczba mieszkańców % Poprawnych
Kalisz 91 515
94%
Koło 18 923
94%
Piła 69 074
94%
Poznań 534 913
94%
Konin 65 570
88%
Krotoszyn 27 914
88%
Leszno 59 143
88%
Ostrów Wielkopolski 68 333
88%
Pleszew 16 387
88%
Śrem 27 289
88%
Środa Wielkopolska 24 286
88%
Turek 23 979
88%
Września 31 668
88%
Buk 5443
81%
Czarnków 9703
81%
Gniezno 62 424
81%
Gostyń 19 588
81%
Grodzisk Wielkopolski 15 109
81%
Jarocin 26 260
81%
Kościan 22 989
81%
Luboń 32 785
81%
Nowy Tomyśl 13 363
81%
Oborniki 16 994
81%
Ostrzeszów 13 392
81%
Rogoźno 10 687
81%
Swarzędz 27 709
81%
Trzcianka 16 280
81%
Wągrowiec 25 302
81%
Wolsztyn 11 681
81%
Wronki 10 328
81%
Złotów 17 904
81%
Chodzież 16 915
75%
Dobra 1291
75%
Kłodawa 5746
75%
Kórnik 8104
75%
Kostrzyn 9849
75%
Krzyż Wielkopolski 5776
75%
Międzychód 9835
75%
Mosina 14 495
75%
Nowe Skalmierzyce 4524
75%
Pniewy 8015
75%
Puszczykowo 9198
75%
Rawicz 19 369
75%
Zbąszyń 6964
75%
Borek Wielkopolski 2412
69%
Czempiń 5038
69%
Golina 4218
69%
Jastrowie 8166
69%
Kępno 13 350
69%
Koźmin Wielkopolski 6029
69%
Lwówek 2892
69%
Miasteczko Krajeńskie 1060
69%
Murowana Goślina 10 275
69%
Nekla 3860
69%
Obrzycko 2390
69%
Opalenica 9188
69%
Ostroróg 1812
69%
Pyzdry 2893
69%
Słupca 12 715
69%
Śmigiel 5577
69%
Stęszew 5828
69%
Szamotuły 17 994
69%
Trzemeszno 7181
69%
Ujście 3277
69%
Bojanowo 2775
63%
Czerniejewo 2532
63%
Dąbie 1668
63%
Dobrzyca 2892
63%
Dolsk 1529
63%
Jutrosin 1834
63%
Kaczory 2754
63%
Kłecko 2471
63%
Kleczew 3814
63%
Łobżenica 2734
63%
Margonin 2933
63%
Mikstat 1659
63%
Opatówek 3461
63%
Pobiedziska 9918
63%
Rakoniewice 3632
63%
Rychwał 2348
63%
Ślesin 3051
63%
Witkowo 7355
63%
Wysoka 2468
63%
Zduny 4236
63%
Żerków 2066
63%
Budzyń 4653
56%
Chocz 1592
56%
Gołańcz 3128
56%
Grabów nad Prosną 1900
56%
Kobylin 3176
56%
Krobia 4554
56%
Książ Wielkopolski 2934
56%
Mieścisko 2397
56%
Miłosław 3364
56%
Odolanów 4903
56%
Okonek 3536
56%
Osieczna 2427
56%
Pogorzela 2036
56%
Poniec 2898
56%
Przedecz 1476
56%
Raszków 2061
56%
Rychtal 1326
56%
Rydzyna 2887
56%
Sieraków 5739
56%
Sompolno 3300
56%
Sulmierzyce 2698
56%
Tuliszków 2962
56%
Wieleń 5485
56%
Wyrzysk 5053
56%
Zaniemyśl 2432
56%
Jaraczewo 1374
50%
Koźminek 1820
50%
Krajenka 3417
50%
Krzywiń 1656
50%
Miejska Górka 3026
50%
Skoki 4828
50%
Stawiszyn 1349
50%
Wielichowo 1639
50%
Zagórów 2688
50%
Szamocin 3870
44%
Nie znaleziono quizów pasujących do podanych kryteriów
Rozkład punktacji
Procent ludzi z każdym wynikiem
Percentyl według liczby udzielonych odpowiedzi
Twoja historia wyników
Nie rozwiązałeś tego quizu od ostatniego zresetowania